Online Catalogue and eLibrary

Kanthwamaddya pilibibuwa ha yatharthya (Record no. 1113)

MARC details
000 -LEADER
fixed length control field 00414nam a2200157Ia 4500
005 - DATE AND TIME OF LATEST TRANSACTION
control field 20250519020637.0
008 - FIXED-LENGTH DATA ELEMENTS--GENERAL INFORMATION
fixed length control field 240331s9999 xx 000 0 und d
020 ## - INTERNATIONAL STANDARD BOOK NUMBER
ISBN 9558864005
082 ## - DDC Classification
Class No. 302.23
Item Number - Author Mark KAN
100 ## - MAIN ENTRY--PERSONAL NAME
Personal name Wanitha katayutu
245 #0 - TITLE STATEMENT
Title Kanthwamaddya pilibibuwa ha yatharthya
260 ## - PUBLICATION, DISTRIBUTION, ETC.
Place of publication, distribution, etc. Colombo
Name of publisher, distributor, etc. Ministry of Women's Affairs
300 ## - PHYSICAL DESCRIPTION
Extent (e.g. Volumes, Pages etc.) 106 p .,
500 ## - GENERAL NOTE
General note Women - Gender & Media
942 ## - Koha item type (Biblio)
Koha item type Books in Stacks (Lending)
Holdings
Lost status Damaged status Collection code Home library Current library Shelving location Date acquired Full call number Accession Number Item type
    Lending WERC Library WERC Library Social Science Cupboard 03/31/2024 302.23 KAN 4982 Books in Stacks (Lending)

© WERC Library